000 02861am aa2200481i 44500
003 PE-LiUPU
005 20251103115642.0
008 2311s2023 pe#a rb 001 0 spa d
020 _a9786123179182
035 _aPE-LiUPU000049
040 _aPE-LiUPU
_bspa
_cPE-LiUPU
_erda
082 0 4 _a720.985
_bL792c
_223
100 1 _aLlosa, Patricia,
_eautora.
_97416
245 1 0 _aConfluencias arquitectónicas /
_cpor Patricia Llosa y Rodolfo Cortegana.
264 1 _aLima :
_bFondo Editorial de la Pontificia Universidad Católica del Perú,
_cnoviembre de 2023.
300 _a143 páginas :
_bilustraciones, planos, fotografías ;
_c23 cm.
336 _atexto
_btxt
_2rdacontent
337 _asin mediación
_bn
_2rdamedia
338 _avolumen
_bnc
_2rdacarrier
490 1 _aColección Cuerpo Docente / Arquitectura PUCP
500 _aPrimera edición. Tiraje de 500 ejemplares.
500 _aDiseño, diagramación y revisión de textos: Publicaciones Arquitectura PUCP.
500 _aDirector de la colección: Sharif S. Kahatt.
500 _aImpreso en los talleres de Tarea Asociación Gráfica Educativa, Lima, noviembre de 2023.
500 _aDepósito legal en la Biblioteca Nacional del Perú N.º 2023-11835.
504 _aIncluye agradecimientos (p. 6) y referencias a proyectos arquitectónicos realizados por los autores.
505 0 _aIntroducción -- El santuario -- El museo -- Confluencias -- El campus -- La biblioteca -- Continuidades materiales -- Reflexiones finales -- Entrevista.
520 _aObra que presenta dos proyectos arquitectónicos realizados por el estudio Llosa Cortegana Arquitectos, complementados con reflexiones teóricas y pedagógicas sobre la práctica contemporánea de la arquitectura en el Perú. A través de sus textos, los autores exploran conceptos de filiación, pertenencia y continuidad material en el territorio, situando su obra dentro del contexto cultural latinoamericano.
546 _aTexto en español.
650 2 4 _aArquitectura moderna
_zPerú.
_97289
650 2 4 _aArquitectura contemporánea
_zPerú.
_97417
650 2 4 _aArquitectos
_zPerú.
_93417
700 _aCortegana Morgan, Rodolfo,
_eautor.
_94601
700 _aKahatt, Sharif S.,
_edirector de colección.
_97418
710 _aPontificia Universidad Católica del Perú.
_bFacultad de Arquitectura y Urbanismo,
_eeditor.
_97406
710 _aFondo Editorial PUCP,
_eeditor.
_97407
710 _aTarea Asociación Gráfica Educativa,
_eimpresor.
_97348
830 0 _aColección Cuerpo Docente (Arquitectura PUCP)
856 4 0 _uhttps://repositorio.pucp.edu.pe
_zRepositorio institucional PUCP.
942 _2ddc
_cBK
980 _621515
_aROMINA COBOS Adquisiciones
_818226
_gJaime Vilcazán Jefe de Análisis Documental
999 _c63129
_d63128